<?xml version="1.0" encoding="UTF-8"?><?xml-stylesheet type="text/xsl" href="static/style.xsl"?><OAI-PMH xmlns="http://www.openarchives.org/OAI/2.0/" xmlns:xsi="http://www.w3.org/2001/XMLSchema-instance" xsi:schemaLocation="http://www.openarchives.org/OAI/2.0/ http://www.openarchives.org/OAI/2.0/OAI-PMH.xsd"><responseDate>2026-06-01T02:05:30Z</responseDate><request verb="GetRecord" identifier="oai:riuma.uma.es:10630/45226" metadataPrefix="marc">https://riuma.uma.es/rest/oai/request</request><GetRecord><record><header><identifier>oai:riuma.uma.es:10630/45226</identifier><datestamp>2026-02-06T00:46:46Z</datestamp><setSpec>com_10630_2254</setSpec><setSpec>col_10630_38004</setSpec></header><metadata><record xmlns="http://www.loc.gov/MARC21/slim" xmlns:dcterms="http://purl.org/dc/terms/" xmlns:doc="http://www.lyncode.com/xoai" xmlns:xsi="http://www.w3.org/2001/XMLSchema-instance" xsi:schemaLocation="http://www.loc.gov/MARC21/slim http://www.loc.gov/standards/marcxml/schema/MARC21slim.xsd">
   <leader>00925njm 22002777a 4500</leader>
   <datafield ind2=" " ind1=" " tag="042">
      <subfield code="a">dc</subfield>
   </datafield>
   <datafield ind2=" " ind1=" " tag="720">
      <subfield code="a">Sánchez-La-Chica, Juan Manuel</subfield>
      <subfield code="e">author</subfield>
   </datafield>
   <datafield ind2=" " ind1=" " tag="720">
      <subfield code="a">Ruiz Cabrero, Gabriel</subfield>
      <subfield code="e">author</subfield>
   </datafield>
   <datafield ind2=" " ind1=" " tag="720">
      <subfield code="a">De la Torre Prieto, Adolfo</subfield>
      <subfield code="e">author</subfield>
   </datafield>
   <datafield ind2=" " ind1=" " tag="260">
      <subfield code="c">2016-06-16</subfield>
   </datafield>
   <datafield ind2=" " ind1=" " tag="520">
      <subfield code="a">El proyecto corresponde a la rehabilitación del Seminario de Málaga, conjunto construido a partir de 1923 en las estribaciones del monte de la Victoria según proyecto de Fernando Guerrero Strachan, e impulsado por el entonces obispo Manuel González con el objetivo de establecer una institución en contacto directo con la naturaleza, bien orientada, ventilada y abierta al paisaje. El edificio original se concibió como un sistema de pabellones articulados mediante galerías y recorridos, en el que el acceso y el movimiento adquirían un papel fundamental en la comprensión del conjunto.
La intervención ejecutada se plantea como una primera fase de rehabilitación y contempla dos operaciones principales. La primera consiste en la rehabilitación del edificio de aulas y dormitorios, afectado por el deterioro de su estructura metálica original y por la ausencia de acabados definitivos en fachadas. El proyecto recupera las cualidades espaciales del edificio mediante una reorganización funcional que invierte el orden original de usos, disponiendo un espacio diáfano de comedor en planta baja y compartimentando la planta alta, al tiempo que se restituyen la monumentalidad y claridad de los espacios de circulación y escaleras.
La segunda operación consiste en la construcción de un basamento contemporáneo que alberga cocinas, aparcamientos y espacios de instalaciones, permitiendo liberar las plantas nobles del edificio histórico y restituir su lectura arquitectónica. Este nuevo cuerpo se resuelve en hormigón armado, material elegido por su capacidad estructural y expresiva, cuya geometría se adapta a la topografía y genera una nueva fachada urbana del conjunto.
Desde el punto de vista material y constructivo, la intervención establece un diálogo claro entre lo existente y lo nuevo, utilizando materiales tradicionales —ladrillo manual, piedra y morteros de cal— en la rehabilitación del edificio histórico, y hormigón armado en el basamento, diferenciando con nitidez la intervención contemporánea. El proyecto combina así respeto patrimonial, claridad constructiva y adecuación funcional, integrando el conjunto rehabilitado en su contexto urbano, topográfico y paisajístico.</subfield>
   </datafield>
   <datafield ind1="8" ind2=" " tag="024">
      <subfield code="a">84-87894-25-9</subfield>
   </datafield>
   <datafield ind1="8" ind2=" " tag="024">
      <subfield code="a">https://hdl.handle.net/10630/45226</subfield>
   </datafield>
   <datafield tag="653" ind2=" " ind1=" ">
      <subfield code="a">Arquitectura - Málaga</subfield>
   </datafield>
   <datafield ind2="0" ind1="0" tag="245">
      <subfield code="a">Premio Málaga 2016-Rehabilitación del Seminario de Málaga.</subfield>
   </datafield>
</record>
</metadata></record></GetRecord></OAI-PMH>